|
|
|
|
| LEADER |
01544nam a2200241 a 4500 |
| 001 |
GR-Patra10681 |
| 008 |
991022s1999 gr 000 0 gre d |
| 040 |
|
|
|a GrPaTEI
|b gre
|c GR-PaULI
|
| 082 |
0 |
4 |
|a 621.38223
|2 21
|
| 100 |
1 |
|
|a Υφαντής, Απόστολος.
|
| 245 |
1 |
0 |
|a Ανάλυση σημάτων /
|c Απόστολος Υφαντής, Γεώργιος Οικονόμου.
|n 1
|
| 260 |
|
|
|a Πάτρα :
|b ΤΕΙ Πάτρας,
|c 1999.
|
| 300 |
|
|
|a (168)σ. :
|b σχημ.
|
| 504 |
|
|
|a Βιβλιογραφία: σ.168.
|
| 650 |
|
4 |
|a Σήματα, Επεξεργασία των
|
| 700 |
1 |
|
|a Οικονόμου, Γεώργιος.
|
| 942 |
|
|
|2 ddc
|
| 952 |
|
|
|0 0
|1 0
|2 ddc
|4 0
|6 621_382230000000000_ΥΦΑ
|7 0
|9 291315
|a LISK
|b LISK
|c BSC
|d 2021-01-17
|e 24
|f 0
|g 0.00
|l 0
|o 621.38223 ΥΦΑ
|p 92410013625
|r 2021-01-17 00:00:00
|t 1
|w 2021-01-17
|y BK15
|x 19991024 0 1
|x GrPaTEI
|
| 952 |
|
|
|0 0
|1 0
|2 ddc
|4 0
|6 621_382230000000000_ΥΦΑ
|7 0
|9 291316
|a LISK
|b LISK
|c BSC
|d 2021-01-17
|e 24
|f 0
|g 0.00
|l 0
|o 621.38223 ΥΦΑ
|p 92410013626
|r 2021-01-17 00:00:00
|t 1
|w 2021-01-17
|y BK15
|x 19991024 0 1
|x GrPaTEI
|
| 952 |
|
|
|0 0
|1 0
|2 ddc
|4 0
|6 621_382230000000000_ΥΦΑ
|7 0
|9 291317
|a LISK
|b LISK
|c BSC
|d 2021-01-17
|e 24
|f 0
|g 0.00
|l 0
|o 621.38223 ΥΦΑ
|p 92410013627
|r 2021-01-17 00:00:00
|t 1
|w 2021-01-17
|y BK15
|x 19991024 0 1
|x GrPaTEI
|
| 952 |
|
|
|0 0
|1 0
|2 ddc
|4 0
|6 621_382230000000000_ΥΦΑ
|7 0
|9 291318
|a LISK
|b LISK
|c BSC
|d 2021-01-17
|e 24
|f 2
|g 0.00
|l 0
|o 621.38223 ΥΦΑ
|p 92410019595
|r 2021-01-17 00:00:00
|t 1
|w 2021-01-17
|y BK15
|x 20030416 0 1
|x GrPaTEI
|
| 971 |
|
|
|a .b26581966
|b 15-04-20
|c 23-09-16
|
| 999 |
|
|
|c 170094
|d 170094
|